000 00482 a2200169 4500
003 OSt
005 20240801160706.0
008 231017b |||||||| |||| 00| 0 eng d
020 _a9789394971059
040 _coclc
082 _a297
_bAKA/P
100 _aAl Akkad, Abha Mahmud
_98841
245 _aPRATHIBHADHANANAYA PRAVACHAKAN /
_cAbbas Mahmud Akkad
260 _aMalappuram:
_bWay books,
300 _a239 p
942 _2ddc
_cBK
_h297
_iAKA/P
_k297
_mAKA/P
999 _c42719
_d42719